| 000 | 00446nam a2200181Ia 4500 | ||
|---|---|---|---|
| 008 | 230524s9999 xx 000 0 und d | ||
| 020 | _a978818281117 | ||
| 082 |
_a658.45 _bDAT |
||
| 100 | _aDebraj Datta | ||
| 245 | 0 | _aAdvertising & Sales Promotion | |
| 250 | _aIST | ||
| 260 |
_aNEW DELHI _bVrinda Publications _c2008 |
||
| 300 | _aX;687 | ||
| 500 | _aQuantity Number: 2 | ||
| 650 | _aManagement | ||
| 700 | _a Mahua Datta | ||
| 942 | _cBK | ||
| 999 |
_c43312 _d43312 |
||